What is the drink? - Statistics

General Stats
  • This quiz has been taken 45 times
  • The average score is 9 of 12
Answer Stats
Picture Hint Answer % Correct
Coca-Cola
100%
Fanta
100%
Pepsi
100%
Red Bull
100%
Soft Drink Sprite
100%
Monster
93%
Smirnoff
85%
Guinness
83%
Something you would find in a pub. Budweiser
78%
Bit easier, energy drink. Gatorade
75%
Sweet! Vimto
18%
Trade Islands
3%
No matching quizzes found
Score Distribution
Percent of People with Each Score
Percentile by Number Answered
Your Score History
You have not taken this quiz